Guess the One Direction song with no hints #10 - Statistics

General Stats
  • This quiz has been taken 55 times
  • The average score is 181 of 274
Answer Stats
Answer % Correct
I
100%
you
100%
your
98%
a
95%
The
93%
to
93%
and
90%
be
90%
me
88%
on,
88%
when
88%
you're
88%
You're
88%
for
85%
So
85%
don't
83%
in
80%
it
80%
not
80%
we're
80%
my
78%
Is
76%
Oh,
76%
oh,
76%
(Oh)
76%
oh-oh,
76%
oh-oh
76%
(Oh-oh)
76%
I'll
73%
it's
71%
I've
71%
Like
71%
want
71%
with
68%
but
66%
have
66%
how
66%
One
63%
say
63%
too
63%
all
59%
out
59%
you'll
59%
You'll
59%
come
56%
Come
56%
here
56%
never
56%
get
51%
keep
51%
our
51%
thing
51%
at
49%
could
49%
day,
49%
everything
49%
something
49%
off
46%
right
46%
together
46%
we'll
46%
even
44%
better
41%
much
41%
said
41%
was
41%
these
37%
tonight
37%
ask
34%
great?
34%
lost
34%
thought,
34%
pictured
32%
again
29%
bring
29%
change
29%
imaginin'
29%
world
29%
into
27%
jump
27%
words
24%
bed
22%
hurtin'
20%
hurtin
20%
start
20%
rip
12%
script
12%
shreds
12%
written
12%
No matching quizzes found
Score Distribution
Percent of People with Each Score
Percentile by Number Answered
Your Score History
You have not taken this quiz